000
00292nam a22001337a 4500
008
180918b xxu||||| |||| 00| 0 eng d
020
_a
0030605483
041
_a
eng
080
_a
541
100
_a
12
101
_a
KIM
245
_a
Principles Of Chemistry
_c
Davis.G
942
_2
udc
_c
BK
999
_c
47933
_d
47933